Nonlinear and relativistic effects in plasmas (Record no. 10822)

MARC details
000 -LEADER
fixed length control field 00876nam a2200217Ia 4500
003 - CONTROL NUMBER IDENTIFIER
control field IN-BaIIA
008 - FIXED-LENGTH DATA ELEMENTS--GENERAL INFORMATION
fixed length control field 211028s9999 xx 000 0 eng d
020 ## - INTERNATIONAL STANDARD BOOK NUMBER
International Standard Book Number 0-88318-787-6
040 ## - CATALOGING SOURCE
Transcribing agency IIA Library
080 ## - UNIVERSAL DECIMAL CLASSIFICATION NUMBER
Universal Decimal Classification number 533-469(082.1)
Item number NON
111 ## - MAIN ENTRY--MEETING NAME
Meeting name or jurisdiction name as entry element Topical Conference on Nonlinear and Relativistic Effects in Plasmas
Location of meeting California
Date of meeting or treaty signing 1990 Feb. 5-8
9 (RLIN) 18503
245 #0 - TITLE STATEMENT
Title Nonlinear and relativistic effects in plasmas
Remainder of title proceedings of a topical conference held in San Diego, California, February. 5-8, 1990
Statement of responsibility, etc. edited by V. Stefan
260 ## - PUBLICATION, DISTRIBUTION, ETC.
Place of publication, distribution, etc. New York
Name of publisher, distributor, etc. American Institute of Physics
Date of publication, distribution, etc. 1992
300 ## - PHYSICAL DESCRIPTION
Extent xvi, 764p.
490 ## - SERIES STATEMENT
Series statement Research trends in physics
650 ## - SUBJECT ADDED ENTRY--TOPICAL TERM
Topical term or geographic name entry element Astronomy and astrophysics thesaurus
650 ## - SUBJECT ADDED ENTRY--TOPICAL TERM
Topical term or geographic name entry element Plasmas
9 (RLIN) 1898
650 ## - SUBJECT ADDED ENTRY--TOPICAL TERM
Topical term or geographic name entry element Relativistic astrophysics
9 (RLIN) 6801
700 ## - ADDED ENTRY--PERSONAL NAME
Personal name Stefan, V. ed
9 (RLIN) 18504
942 ## - ADDED ENTRY ELEMENTS (KOHA)
Koha item type Books
Holdings
Withdrawn status Lost status Damaged status Not for loan Home library Current library Shelving location Date acquired Cost, normal purchase price Total Checkouts Full call number Barcode Date last seen Cost, replacement price Price effective from Koha item type Purchase Price
        IIA Library-Bangalore IIA Library-Bangalore General Stacks 12/10/1993 3305.05   533-469(082.1)/ NON 11734 05/11/2021 3305.05 12/10/1993 Books Rs. 3305.05

Powered by Koha